000 00875nam a2200253 a 4500
001 BRCA_1183
005 20190320203323.0
008 951106s1995 mx-a---##b---#000-0#spa-#
020 _a9686795073
040 _aDLC
_cDLC
041 _aspaeng
050 4 _aNA5253
_b.K83 1995
100 1 _aKubler, George Alexander
_d1912-1996
_93904
245 1 0 _aTres visiones norteamericanas
_bsobre el arte novohispano
_cKubler, Markman, Wright ; edición y prólogo de Francisco Vidargas.
260 _aMéxico
_bTextos Dispersos Ediciones
_c1995
300 _a78 p.
_bil.
_c21 cm.
504 _aBibliografía: p. 49-50
546 _aTexto en : español e inglés
650 1 4 _aArquitectura colonial
_zMéxico
_91940
650 1 4 _aArquitectura religiosa
_zMéxico
_924
700 1 _aMarkman, Sidney David
_d1911-
_9435
700 1 _aWright, David Charles
_d1954-
_93905
942 _2lcc
_cB
999 _c1059
_d1059